000 00607nam a2200217Ia 4500
005 20250326143908.0
008 250326s9999 xx 000 0 und d
020 _a81-7708-132-2
037 _aTextbook
040 _aFMSL
_beng
_cFMSL
041 _aeng
_2eng
084 _aX.44 P7
_qFMSL
100 _aPrasad C S
_9491921
245 0 _aSixty years of the indian economy 1947 to 2007
_cPrasad C S And Others
260 _aNew Delhi
_bNew Delhi, New Century
_c2007
300 _a1399p
365 _b7760
650 _aEconomy
_9662352
942 _cTB
_hX.44 P7
999 _c1301520
_d1301520